<?xml version="1.0" encoding="UTF-8"?>
<marc:record xmlns:marc="http://www.loc.gov/MARC21/slim">
   <marc:leader>00000nam a2200000 a 4500</marc:leader>
   <marc:datafield ind1=" " ind2=" " tag="653">
      <marc:subfield code="a">Weltraum</marc:subfield>
   </marc:datafield>
   <marc:datafield ind1=" " ind2=" " tag="653">
      <marc:subfield code="a">Technologie</marc:subfield>
   </marc:datafield>
   <marc:datafield ind1="0" ind2="0" tag="245">
      <marc:subfield code="a">Das Hubble-Teleskop</marc:subfield>
   </marc:datafield>
   <marc:datafield ind1="0" ind2="0" tag="245">
      <marc:subfield code="b">modernste Technik für den Blick in den Kosmos</marc:subfield>
   </marc:datafield>
   <marc:datafield ind1=" " ind2="1" tag="264">
      <marc:subfield code="b">Random House Audio</marc:subfield>
      <marc:subfield code="c">2010</marc:subfield>
   </marc:datafield>
   <marc:datafield ind1="1" ind2=" " tag="490">
      <marc:subfield code="a">Info-Programm</marc:subfield>
   </marc:datafield>
   <marc:datafield ind1="1" ind2=" " tag="520">
      <marc:subfield code="a">Mit rund 28 000 Kilometern in der Stunde rast das Weltraum - Teleskop "Hubble" seit 1990 um die Erde und sendet gestochen scharfe und prächtige Bilder aus dem All. Aufnahmen von fernen Galaxien, explodierenden Sonnen und neu entstehenden Sternen. Die atemberaubende Dokumentation erzählt, warum Hubble unser Verständnis des Kosmos revolutioniert hat, berichtet wie "unser Auge im All" konstruiert  wurde und was die Schwierigkeiten seiner Mission sind. Kommen Sie mit auf eine atemberaubende Reise in ferne, fremde Welten!</marc:subfield>
   </marc:datafield>
   <marc:datafield ind1=" " ind2=" " tag="020">
      <marc:subfield code="a">B00RAR6OPQ</marc:subfield>
      <marc:subfield code="9">B00RAR6OPQ</marc:subfield>
   </marc:datafield>
   <marc:datafield ind1="0" ind2=" " tag="490">
      <marc:subfield code="v">0</marc:subfield>
   </marc:datafield>
   <marc:datafield ind1=" " ind2=" " tag="300">
      <marc:subfield code="a">1 DVD (ca. 50 Min.)</marc:subfield>
   </marc:datafield>
</marc:record>
